[Event "Hector S Nazzari Memorial 2019"]
[Site "Montevideo"]
[Date "2019.10.14"]
[Round "1.9"]
[White "Gomez Troccoli, Martin"]
[Black "Curi, Gabriel"]
[Result "1/2-1/2"]
[WhiteElo "1961"]
[BlackElo "2194"]
[Annotator "RC"]
[PlyCount "70"]
[EventDate "2019.10.14"]
[EventType "swiss"]
[EventCountry "URU"]
[SourceTitle "playchess.com"]
[Source "ChessBase"]
[SourceQuality "1"]
[TimeControl "5400+30"]

1. e4 {[%emt 0:00:00]} e6 {[%emt 0:00:00]} 2. d4 {[%emt 0:00:00]} d5 {[%emt 0:00:00]} 3. Nd2 {[%emt 0:00:00]} Nf6 {[%emt 0:00:06]} 4. e5 {[%emt 0:00:00]} Nfd7 {[%emt 0:00:04]} 5. Bd3 {[%emt 0:00:00]} c5 {[%emt 0:00:06]} 6. c3 {[%emt 0:00:00]} Nc6 {[%emt 0:00:06]} 7. Ne2 {[%emt 0:00:00]} cxd4 {[%emt 0:00:31]} 8. cxd4 {[%emt 0:00:03]} f6 {[%emt 0:01:08]} 9. exf6 {[%emt 0:00:10]} Nxf6 {[%emt 0:00:32]} 10. Nf3 {[%emt 0:00:11]} Bd6 {[%emt 0:00:06]} 11. O-O {[%emt 0:00:06]} Qc7 {[%emt 0:04:17]} 12. Bg5 {[%emt 0:00:28]} O-O {[%emt 0:00:08]} 13. Qc2 {[%emt 0:06:47]} Nb4 {[%emt 0:12:46]} 14. Qxc7 {[%emt 0:00:37]} Bxc7 {[%emt 0:00:06]} 15. Bb1 {[%emt 0:00:12]} Bd7 {[%emt 0:00:08]} 16. a3 {[%emt 0:00:33]} Bb5 {[%emt 0:03:23]} 17. axb4 {[%emt 0:06:03]} Bxe2 {[%emt 0:00:09]} 18. Re1 {[%emt 0:00:33]} Bxf3 {[%emt 0:00:05]} 19. gxf3 {[%emt 0:00:03]} Bb6 {[%emt 0:00:00]} 20. Rxe6 {[%emt 0:04:36]} Bxd4 {[%emt 0:06:48]} 21. Ba2 {[%emt 0:18:01]} Rfd8 {[%emt 0:15:01]} 22. Re7 {[%emt 0:12:21]} b6 {[%emt 0:05:15]} 23. Re2 {[%emt 0:08:54]} a5 {[%emt 0:11:55]} 24. Bb3 {[%emt 0:07:31]} axb4 {[%emt 0:14:55]} 25. Rd1 {[%emt 0:03:20]} Bc5 {[%emt 0:00:26]} 26. Re5 {[%emt 0:04:58]} Ra7 27. Bxf6 {[%emt 0:01:30]} gxf6 {[%emt 0:03:51]} 28. Rexd5 {[%emt 0:01:20]} Rxd5 {[%emt 0:00:14]} 29. Rxd5 {[%emt 0:00:18]} Kg7 {[%emt 0:00:24]} 30. Kg2 {[%emt 0:00:31]} Re7 {[%emt 0:01:56]} 31. Bc4 {[%emt 0:00:41]} h6 {[%emt 0:02:00]} 32. Rd8 {[%emt 0:01:49]} Re5 {[%emt 0:01:33]} 33. h4 {[%emt 0:00:49]} Re1 {[%emt 0:03:39]} 34. Rd7+ {[%emt 0:05:15]} Re7 {[%emt 0:00:11]} 35. Rd1 {[%emt 0:00:22]} Kf8 {[%emt 0:01:20]} 1/2-1/2

[Event "Hector S Nazzari Memorial 2019"]
[Site "Montevideo"]
[Date "2019.10.14"]
[Round "1.10"]
[White "Carvalho, Guillermo"]
[Black "Rodriguez Farias, Eduardo"]
[Result "1-0"]
[WhiteElo "2183"]
[BlackElo "1931"]
[Annotator "RC"]
[PlyCount "89"]
[EventDate "2019.10.14"]
[EventType "swiss"]
[EventCountry "URU"]
[SourceTitle "playchess.com"]
[Source "ChessBase"]
[SourceQuality "1"]
[TimeControl "5400+30"]

1. Nf3 {[%emt 0:00:00]} Nf6 {[%emt 0:01:05]} 2. d4 {[%emt 0:00:05]} g6 {[%emt 0:01:03]} 3. g3 {[%emt 0:00:05]} Bg7 {[%emt 0:00:25]} 4. Bg2 {[%emt 0:00:05]} O-O {[%emt 0:01:06]} 5. O-O {[%emt 0:00:07]} d6 {[%emt 0:00:13]} 6. b3 {[%emt 0:00:06]} Nbd7 {[%emt 0:03:12]} 7. Bb2 {[%emt 0:00:10]} Re8 {[%emt 0:00:28]} 8. Nbd2 {[%emt 0:09:24]} e5 {[%emt 0:06:11]} 9. dxe5 {[%emt 0:03:18]} dxe5 {[%emt 0:00:14]} 10. e4 {[%emt 0:21:38]} b6 {[%emt 0:11:06]} 11. Qe2 {[%emt 0:06:28]} a5 {[%emt 0:03:05]} 12. Rfd1 {[%emt 0:00:53]} Qe7 {[%emt 0:00:37]} 13. Qe1 {[%emt 0:00:52]} Bb7 {[%emt 0:02:52]} 14. h3 {[%emt 0:05:56]} Qc5 {[%emt 0:08:17]} 15. Nc4 {[%emt 0:13:00]} b5 {[%emt 0:06:16]} 16. Nxa5 {[%emt 0:03:18]} Bxe4 {[%emt 0:20:08]} 17. b4 {[%emt 0:02:58]} Qxc2 {[%emt 0:07:34]} 18. Rd2 {[%emt 0:01:13]} Qa4 {[%emt 0:00:07]} 19. Rxd7 {[%emt 0:06:33]} Rxa5 {[%emt 0:08:45]} 20. Rxc7 {[%emt 0:08:24]} Ra7 {[%emt 0:02:50]} 21. Rxa7 {[%emt 0:01:43]} Qxa7 {[%emt 0:00:16]} 22. a3 {[%emt 0:02:20]} Bd5 {[%emt 0:06:53]} 23. Rd1 {[%emt 0:00:53]} Bc4 {[%emt 0:00:57]} 24. Nd2 {[%emt 0:03:30]} Bd3 {[%emt 0:00:12]} 25. Ne4 {[%emt 0:00:39]} Nxe4 {[%emt 0:01:29]} 26. Rxd3 {[%emt 0:01:29]} Nf6 {[%emt 0:00:38]} 27. Bc6 {[%emt 0:02:50]} Rc8 {[%emt 0:01:30]} 28. Bxb5 {[%emt 0:01:57]} Nh5 {[%emt 0:00:34]} 29. Qd2 {[%emt 0:01:39]} Bf6 {[%emt 0:03:10]} 30. Rd7 {[%emt 0:01:48]} Qb6 {[%emt 0:00:20]} 31. Qd5 {[%emt 0:00:34]} Rf8 {[%emt 0:02:32]} 32. Bxe5 {[%emt 0:00:51]} Bxe5 {[%emt 0:00:23]} 33. Qxe5 {[%emt 0:00:10]} Nxg3 {[%emt 0:00:05]} 34. Qxg3 {[%emt 0:01:01]} Qxb5 {[%emt 0:00:01]} 35. Qd3 {[%emt 0:00:51]} Qg5+ {[%emt 0:00:20]} 36. Kh2 {[%emt 0:00:17]} Qe5+ {[%emt 0:00:12]} 37. Qg3 {[%emt 0:00:14]} Qf5 {[%emt 0:01:52]} 38. Rb7 {[%emt 0:00:46]} Re8 {[%emt 0:00:17]} 39. Rb8 {[%emt 0:00:22]} Rxb8 {[%emt 0:00:24]} 40. Qxb8+ Kg7 {[%emt 0:00:14]} 41. Qg3 {[%emt 0:00:17]} Qc2 {[%emt 0:00:33]} 42. Qe5+ {[%emt 0:00:54]} Kh6 {[%emt 0:00:28]} 43. Qc5 {[%emt 0:00:25]} Qa4 {[%emt 0:00:30]} 44. Qf8+ {[%emt 0:00:45]} Kh5 {[%emt 0:00:29]} 45. Qxf7 {[%emt 0:00:19]} 1-0

[Event "Hector S Nazzari Memorial 2019"]
[Site "Montevideo"]
[Date "2019.10.14"]
[Round "1.11"]
[White "Ramos Correa, Gabriel"]
[Black "Lopez Falcon, Jorge"]
[Result "0-1"]
[WhiteElo "1889"]
[BlackElo "2166"]
[Annotator "RC"]
[PlyCount "82"]
[EventDate "2019.10.14"]
[EventType "swiss"]
[EventCountry "URU"]
[SourceTitle "playchess.com"]
[Source "ChessBase"]
[SourceQuality "1"]
[TimeControl "5400+30"]

1. d4 {[%emt 0:00:00]} Nf6 {[%emt 0:00:06]} 2. c4 {[%emt 0:00:00]} c5 {[%emt 0:02:44]} 3. d5 {[%emt 0:00:04]} e6 {[%emt 0:00:21]} 4. Nc3 {[%emt 0:00:15]} exd5 {[%emt 0:00:10]} 5. cxd5 {[%emt 0:00:02]} Bd6 {[%emt 0:00:30]} 6. Nf3 {[%emt 0:02:42]} O-O {[%emt 0:00:55]} 7. Bg5 {[%emt 0:03:17]} Re8 {[%emt 0:01:41]} 8. e3 {[%emt 0:02:01]} Bc7 {[%emt 0:01:02]} 9. Bd3 {[%emt 0:07:05]} d6 {[%emt 0:03:30]} 10. h3 {[%emt 0:02:32]} Nbd7 {[%emt 0:00:10]} 11. O-O {[%emt 0:03:12]} h6 {[%emt 0:05:21]} 12. Bh4 {[%emt 0:01:28]} Ba5 {[%emt 0:05:51]} 13. e4 {[%emt 0:19:36]} a6 {[%emt 0:07:01]} 14. a4 {[%emt 0:00:23]} Nf8 {[%emt 0:01:03]} 15. Qc2 {[%emt 0:07:38]} Ng6 {[%emt 0:02:29]} 16. Bg3 {[%emt 0:00:24]} Nh5 {[%emt 0:02:59]} 17. Bh2 {[%emt 0:01:10]} Qf6 {[%emt 0:01:15]} 18. e5 {[%emt 0:07:22]} Nxe5 {[%emt 0:08:37]} 19. Nxe5 {[%emt 0:02:32]} dxe5 {[%emt 0:06:24]} 20. Ne4 {[%emt 0:00:20]} Qd8 {[%emt 0:04:13]} 21. Qxc5 {[%emt 0:02:06]} Bb6 {[%emt 0:06:29]} 22. Qc4 {[%emt 0:05:05]} Bd4 {[%emt 0:02:01]} 23. Qb3 {[%emt 0:05:45]} Nf6 {[%emt 0:05:32]} 24. Nxf6+ {[%emt 0:02:38]} Qxf6 {[%emt 0:00:15]} 25. Be4 {[%emt 0:03:33]} b6 {[%emt 0:07:06]} 26. Kh1 {[%emt 0:04:17]} Bf5 {[%emt 0:06:55]} 27. f3 {[%emt 0:01:17]} Bd7 {[%emt 0:01:27]} 28. f4 {[%emt 0:07:33]} Qd6 {[%emt 0:02:47]} 29. fxe5 {[%emt 0:00:37]} Bxe5 {[%emt 0:00:12]} 30. Bxe5 {[%emt 0:01:18]} Rxe5 {[%emt 0:00:02]} 31. Qg3 {[%emt 0:01:18]} Rae8 {[%emt 0:00:36]} 32. Qf4 {[%emt 0:01:50]} Qe7 {[%emt 0:01:53]} 33. Bf3 {[%emt 0:01:49]} Rc8 {[%emt 0:04:06]} 34. Qd4 {[%emt 0:01:17]} Qd6 {[%emt 0:01:30]} 35. Rfe1 {[%emt 0:01:40]} Rxe1+ {[%emt 0:00:43]} 36. Rxe1 {[%emt 0:00:02]} Qg3 {[%emt 0:00:36]} 37. Rf1 {[%emt 0:01:04]} Bxh3 {[%emt 0:02:38]} 38. Qxb6 {[%emt 0:01:59]} Rc2 {[%emt 0:03:50]} 39. Qd8+ {[%emt 0:00:29]} Kh7 {[%emt 0:00:07]} 40. Be4+ {[%emt 0:00:15]} f5 {[%emt 0:00:01]} 41. Rxf5 {[%emt 0:00:33]} Bxg2+ {[%emt 0:00:22]} 0-1

[Event "Hector S Nazzari Memorial 2019"]
[Site "Montevideo"]
[Date "2019.10.14"]
[Round "1.12"]
[White "Granara Barreto, Sebastian"]
[Black "Belistri, Ubaldo"]
[Result "1-0"]
[WhiteElo "2134"]
[BlackElo "1853"]
[Annotator "RC"]
[PlyCount "89"]
[EventDate "2019.10.14"]
[EventType "swiss"]
[EventCountry "URU"]
[SourceTitle "playchess.com"]
[Source "ChessBase"]
[SourceQuality "1"]
[TimeControl "5400+30"]

1. c4 {[%emt 0:00:00]} Nf6 {[%emt 0:00:00]} 2. g3 {[%emt 0:00:00]} g6 {[%emt 0:01:00]} 3. Bg2 {[%emt 0:00:00]} c5 {[%emt 0:01:00]} 4. Nc3 {[%emt 0:00:19]} Bg7 {[%emt 0:00:41]} 5. Nf3 {[%emt 0:00:26]} Nc6 {[%emt 0:00:23]} 6. O-O {[%emt 0:00:08]} O-O {[%emt 0:00:26]} 7. d4 {[%emt 0:00:11]} cxd4 {[%emt 0:00:37]} 8. Nxd4 {[%emt 0:00:05]} Nxd4 {[%emt 0:06:23]} 9. Qxd4 {[%emt 0:00:06]} d6 {[%emt 0:00:14]} 10. Bg5 {[%emt 0:03:21]} Be6 {[%emt 0:04:24]} 11. Qd3 {[%emt 0:04:47]} h6 {[%emt 0:05:41]} 12. Bd2 {[%emt 0:03:59]} Nd7 {[%emt 0:02:45]} 13. b3 {[%emt 0:04:22]} Ne5 {[%emt 0:02:04]} 14. Qc2 {[%emt 0:00:44]} Nc6 {[%emt 0:01:31]} 15. Be3 {[%emt 0:02:57]} Qa5 {[%emt 0:04:56]} 16. Rac1 {[%emt 0:03:48]} Rac8 {[%emt 0:06:59]} 17. Qd2 {[%emt 0:04:37]} Kh7 {[%emt 0:00:36]} 18. Rfd1 {[%emt 0:01:00]} Qh5 {[%emt 0:05:11]} 19. Nd5 {[%emt 0:16:03]} Bd7 {[%emt 0:09:13]} 20. Nf4 {[%emt 0:07:25]} Qe5 {[%emt 0:00:43]} 21. c5 {[%emt 0:03:13]} Bf5 {[%emt 0:05:23]} 22. h3 {[%emt 0:19:43]} Rfd8 {[%emt 0:01:43]} 23. Qe1 {[%emt 0:05:45]} dxc5 {[%emt 0:02:12]} 24. Rxc5 {[%emt 0:01:25]} Qb2 {[%emt 0:03:06]} 25. g4 {[%emt 0:02:40]} Bd7 {[%emt 0:02:46]} 26. Rd2 {[%emt 0:07:24]} Qa3 {[%emt 0:01:58]} 27. Qb1 {[%emt 0:04:19]} Be8 {[%emt 0:02:57]} 28. Rxd8 {[%emt 0:03:07]} Rxd8 {[%emt 0:00:06]} 29. Rd5 {[%emt 0:01:19]} Rxd5 {[%emt 0:02:05]} 30. Nxd5 {[%emt 0:00:06]} e6 {[%emt 0:01:41]} 31. Nc7 {[%emt 0:01:00]} Bd7 {[%emt 0:00:26]} 32. Qd1 {[%emt 0:00:48]} Bc8 {[%emt 0:01:44]} 33. Nb5 {[%emt 0:00:22]} Qxa2 {[%emt 0:00:37]} 34. Nd6 {[%emt 0:00:22]} Ne7 {[%emt 0:01:15]} 35. Nxf7 {[%emt 0:00:56]} b6 {[%emt 0:04:07]} 36. Bd4 {[%emt 0:00:34]} Ba6 {[%emt 0:01:05]} 37. Bf3 {[%emt 0:00:12]} Nd5 {[%emt 0:01:25]} 38. Bxg7 {[%emt 0:00:24]} Kxg7 {[%emt 0:00:11]} 39. Nd8 {[%emt 0:00:23]} Kf6 {[%emt 0:02:02]} 40. Qd4+ {[%emt 0:00:48]} Ke7 {[%emt 0:00:55]} 41. Nxe6 {[%emt 0:00:40]} Nf6 {[%emt 0:01:00]} 42. Nf4 {[%emt 0:00:32]} Qxb3 {[%emt 0:02:30]} 43. Qe5+ {[%emt 0:00:07]} Kf7 {[%emt 0:00:51]} 44. Qc7+ {[%emt 0:00:12]} Kg8 {[%emt 0:00:52]} 45. Qb8+ {[%emt 0:00:19]} 1-0

[Event "Hector S Nazzari Memorial 2019"]
[Site "Montevideo"]
[Date "2019.10.14"]
[Round "1.13"]
[White "Palacio, Enzo"]
[Black "Dominguez, Facundo"]
[Result "0-1"]
[WhiteElo "1780"]
[BlackElo "2130"]
[Annotator "RC"]
[PlyCount "74"]
[EventDate "2019.10.14"]
[EventType "swiss"]
[EventCountry "URU"]
[SourceTitle "playchess.com"]
[Source "ChessBase"]
[SourceQuality "1"]
[TimeControl "5400+30"]

1. e4 {[%emt 0:00:00]} e6 {[%emt 0:00:12]} 2. d4 {[%emt 0:00:00]} d5 {[%emt 0:00:05]} 3. Nd2 {[%emt 0:00:00]} Nc6 {[%emt 0:00:25]} 4. Ngf3 {[%emt 0:01:16]} Nf6 {[%emt 0:00:08]} 5. e5 {[%emt 0:03:11]} Nd7 {[%emt 0:00:24]} 6. c3 {[%emt 0:00:41]} f6 {[%emt 0:00:17]} 7. exf6 {[%emt 0:00:15]} Qxf6 {[%emt 0:00:06]} 8. Bd3 {[%emt 0:01:15]} Bd6 {[%emt 0:00:43]} 9. O-O {[%emt 0:00:49]} O-O {[%emt 0:00:30]} 10. Bb5 {[%emt 0:07:56]} a6 {[%emt 0:08:56]} 11. Bxc6 {[%emt 0:00:03]} bxc6 {[%emt 0:00:09]} 12. Re1 {[%emt 0:02:06]} e5 {[%emt 0:15:55]} 13. dxe5 {[%emt 0:00:25]} Nxe5 {[%emt 0:00:07]} 14. Nxe5 {[%emt 0:04:14]} Bxe5 {[%emt 0:00:13]} 15. Qe2 {[%emt 0:02:31]} Re8 {[%emt 0:07:56]} 16. Kh1 {[%emt 0:09:09]} Bd7 {[%emt 0:03:20]} 17. Qf3 {[%emt 0:08:59]} Bxc3 {[%emt 0:01:11]} 18. Rd1 {[%emt 0:11:37]} Bxb2 {[%emt 0:07:50]} 19. Bxb2 {[%emt 0:00:45]} Qxb2 {[%emt 0:00:03]} 20. h3 {[%emt 0:02:11]} Qf6 {[%emt 0:05:36]} 21. Rac1 {[%emt 0:05:31]} Rab8 {[%emt 0:05:33]} 22. Kg1 {[%emt 0:02:30]} Rb2 {[%emt 0:02:02]} 23. a4 {[%emt 0:05:29]} Qxf3 {[%emt 0:10:40]} 24. Nxf3 {[%emt 0:00:02]} Ree2 {[%emt 0:00:39]} 25. Rf1 {[%emt 0:00:05]} Re4 {[%emt 0:01:46]} 26. Rfe1 {[%emt 0:02:15]} Rxe1+ {[%emt 0:03:56]} 27. Rxe1 {[%emt 0:00:02]} Kf8 {[%emt 0:00:45]} 28. Ne5 {[%emt 0:00:42]} Be8 {[%emt 0:01:07]} 29. Rc1 {[%emt 0:00:27]} Ke7 {[%emt 0:04:12]} 30. Nxc6+ {[%emt 0:00:22]} Kd6 {[%emt 0:00:18]} 31. Nd4 {[%emt 0:00:22]} Bd7 {[%emt 0:00:50]} 32. a5 {[%emt 0:04:08]} c5 {[%emt 0:01:15]} 33. Nf3 {[%emt 0:00:43]} d4 {[%emt 0:00:30]} 34. Ng5 {[%emt 0:01:07]} Kd5 {[%emt 0:01:26]} 35. Nxh7 {[%emt 0:01:21]} d3 {[%emt 0:00:21]} 36. Ng5 {[%emt 0:02:39]} d2 {[%emt 0:00:24]} 37. Ra1 {[%emt 0:00:05]} Ba4 {[%emt 0:00:20]} 0-1

[Event "Hector S Nazzari Memorial 2019"]
[Site "Montevideo"]
[Date "2019.10.15"]
[Round "2.1"]
[White "Hoffman, Alejandro"]
[Black "Carvalho, Guillermo"]
[Result "1/2-1/2"]
[WhiteElo "2449"]
[BlackElo "2183"]
[Annotator "TA"]
[PlyCount "105"]
[EventDate "2019.10.14"]
[EventType "swiss"]
[EventCountry "URU"]
[SourceTitle "playchess.com"]
[Source "ChessBase"]
[SourceQuality "1"]

{[%evp 20,105,69,59,66,51,44,45,35,25,82,7,33,23,45,40,53,57,76,60,56,40,53,47,132,123,136,112,99,107,107,101,100,58,52,36,143,147,150,142,170,0,0,0,0,0,0,0,0,0,-3,-8,-10,-48,-7,-6,0,0,0,0,3,2,31,30,30,0,0,0,0,0,0,0,0,0,0,0,0,0,0,0,0,0,0,0,0,0,0,0]} 1. d4 d5 2. Nf3 e6 3. c4 c5 4. cxd5 exd5 5. g3 Nf6 6. Bg2 Be7 7. O-O O-O 8. Nc3 Nc6 9. dxc5 d4 10. Na4 Bf5 11. Bd2 Be4 {D34: Tarrasch Defence: 6 g3 Nf6 7 Bg2 Be7} 12. b4 {[%cal Bb2b4,Bb4b5][%mdl 32]} (12. Rc1 Qd5 13. b3 Rad8 14. Ne1 Bxg2 15. Nxg2 Qf5 16. Nf4 Rfe8 17. b4 Ne4 18. Nd3 Bf6 19. b5 Ne7 20. Re1 h5 21. Qc2 h4 22. Bf4 Nd5 23. f3 hxg3 24. hxg3 Nxg3 25. Bxg3 Ne3 {0-1 (25) Kojima,S (2432)-Todorovic,G (2435) Budapest 2018}) 12... b5 13. cxb6 $146 ({Predecessor:} 13. Nb2 a5 14. bxa5 Bxc5 15. Nd3 Be7 16. Qb3 Nd5 17. Rac1 Nxa5 18. Qxb5 Bf6 19. Nc5 Bf5 20. Nxd4 Bxd4 21. e4 Nc7 22. Qe2 Qe7 {0-1 (22) Vybiral,Z (2193)-Mozny,M (2329) Czechia 2013}) 13... axb6 {White is slightly better.} 14. b5 Na5 {[#]} (14... Na7 $1 $11 {remains equal.}) 15. Nb2 (15. Bf4 $1 $16) 15... Ba3 16. Bc1 Rc8 17. Nd3 $36 {[%mdl 2048] White is more active.} Be7 18. Nde5 Bc5 19. Bb2 {[%cal Rf3d4]} Re8 20. Rc1 Ra8 21. Nd3 Nb7 (21... Qd5 $14) 22. a4 $16 h6 23. Nde1 Qd5 24. Bxd4 Bxd4 25. Nxd4 Nc5 26. f3 Rxa4 27. e3 Bg6 {[#]} (27... Qg5 $14 28. Nec2 Bd3) 28. Rxc5 $1 {[%mdl 576] Remove Defender} bxc5 29. Qxa4 {aiming for Nc6.} cxd4 {[#]} 30. exd4 $2 (30. e4 $1 $18 {[%cal Re4d5]} Qg5 31. Qxd4) 30... Rb8 $11 31. f4 Be4 32. Bxe4 Nxe4 33. Nf3 Rxb5 34. Re1 Nd6 35. Qd1 Rb3 36. Kf2 Rb2+ {[%mdl 1024] Black has compensation.} 37. Re2 Ne4+ 38. Kg1 Rb8 39. Qd3 Nc5 40. Qc2 Ne6 (40... Nd7 $5 {[%cal Rd5f3]} 41. Qe4 Qd6 $14) 41. Qe4 Qb3 42. f5 Ng5 {The position is equal.} 43. Nxg5 hxg5 {[%mdl 4096] Endgame KQR-KQR} 44. d5 Qd1+ 45. Re1 Qd2 {Threatens to win with ...Rb2.} 46. Re2 Qd1+ 47. Kg2 Rd8 48. Kh3 (48. h3 {feels hotter.} Qxd5 49. Qxd5 Rxd5 50. Re8+ Kh7 51. g4) 48... Qxd5 49. Qxd5 Rxd5 50. Kg4 f6 51. Ra2 Kh7 52. Ra4 g6 53. Ra7+ {Accuracy: White = 58%, Black = 54%.} 1/2-1/2

[Event "Hector S Nazzari Memorial 2019"]
[Site "Montevideo"]
[Date "2019.10.15"]
[Round "2.2"]
[White "Roselli Mailhe, Bernardo"]
[Black "Granara Barreto, Sebastian"]
[Result "1-0"]
[WhiteElo "2435"]
[BlackElo "2134"]
[Annotator "TA"]
[PlyCount "69"]
[EventDate "2019.10.14"]
[EventType "swiss"]
[EventCountry "URU"]
[SourceTitle "playchess.com"]
[Source "ChessBase"]
[SourceQuality "1"]

{[%evp 9,69,-79,34,34,47,39,70,56,112,113,129,128,126,123,122,124,135,144,135,145,138,139,137,139,145,145,166,133,122,127,149,131,150,166,177,169,202,193,206,206,224,228,216,215,227,153,273,265,281,282,271,268,272,221,295,264,483,481,597,583,714,698]} 1. d4 d5 2. Bf4 Nf6 3. e3 c5 4. Nc3 (4. c3 Nc6 5. Nd2 Qb6 6. Qb3 Nh5 7. Qxb6 axb6 8. Bc7 cxd4 9. exd4 e5 10. Bxe5 Nxe5 11. dxe5 Bc5 12. g3 O-O {1-0 (76) Aronian,L (2765)-Caruana,F (2832) London 2018}) 4... cxd4 5. Nb5 Na6 (5... Qa5+ $17 6. b4 Qxb4+ 7. c3 dxc3 8. Nc7+ Kd8 9. Nxa8 c2+ 10. Qd2 Qb1+ 11. Qc1 Qb4+ 12. Qd2 Qb1+ 13. Qc1 Qb4+ 14. Qd2) 6. exd4 $14 {D00: 1 d4 d5: Unusual lines} g6 7. Qe2 {Nd6+ is the strong threat.} Be6 8. Nf3 {White is slightly better.} Bg7 $146 {[#]} (8... Nh5 $14) ({Predecessor:} 8... h6 9. O-O-O Bg7 10. Ne5 Qb6 11. Re1 g5 12. Nxf7 Kxf7 13. Nd6+ Qxd6 14. Bxd6 {1-0 (21) Geisleman,D (2085)-Pinto,M (2255) Las Vegas 1997}) 9. Ng5 $1 $16 Qd7 10. Nxe6 Qxe6 11. Qxe6 fxe6 12. c3 O-O 13. g3 Nh5 14. Be3 Rfc8 15. Bh3 Kf7 16. O-O Nc7 17. a4 a6 18. Nxc7 Rxc7 19. Rfe1 {aiming for Bxe6+!} Rc6 20. Bd2 a5 21. Bf1 Nf6 22. Bb5 Rb6 23. Bf4 Ne8 {[#]} 24. Re2 $1 Bf6 25. h4 Nd6 26. Bd7 Nc4 27. Rae1 Rxb2 (27... Nxb2 $16 {was worth a try.} 28. Bc7 (28. Bxe6+ Rxe6 29. Rxe6 Nxa4 $16) (28. Rxe6 Nxa4 29. Rxf6+ exf6 $16) 28... Rb3) 28. Bxe6+ $18 Kg7 29. Bxd5 Rxe2 30. Rxe2 Nd6 31. Be5 Rc8 32. Bxf6+ Kxf6 $2 (32... exf6 {was necessary.} 33. Re7+ Kh8) 33. Re6+ {White is clearly winning.} Kf5 {If Black can now play ...Rc7 this consolidates a bit.} 34. Rxe7 {[%mdl 64] Double Attack} Rxc3 35. Re5+ {Accuracy: White = 80%, Black = 46%.} 1-0

[Event "Hector S Nazzari Memorial 2019"]
[Site "Montevideo"]
[Date "2019.10.15"]
[Round "2.3"]
[White "Lopez Falcon, Jorge"]
[Black "Vitoux, Colomban"]
[Result "0-1"]
[WhiteElo "2166"]
[BlackElo "2381"]
[Annotator "TA"]
[PlyCount "80"]
[EventDate "2019.10.14"]
[EventType "swiss"]
[EventCountry "URU"]
[SourceTitle "playchess.com"]
[Source "ChessBase"]
[SourceQuality "1"]

{[%evp 12,80,40,35,54,33,31,37,38,0,83,70,89,81,91,100,99,99,124,134,142,133,128,117,107,122,146,139,144,166,162,101,186,192,202,207,211,215,198,196,395,368,364,35,40,63,62,0,9,0,0,0,0,-4,0,-102,-88,-109,-82,-118,0,-135,-135,-135,-136,-754,-811,-777,-743,-29985,-29986]} 1. d4 b6 2. Nf3 Bb7 3. g3 f5 4. Bg2 Nf6 5. O-O g6 6. c4 Bg7 7. Nc3 Ne4 {A04: Unusual lines after 1 Nf3 and King's Indian Attack} (7... O-O 8. Bf4 Nh5 9. Be5 Bh6 10. c5 Nc6 11. e4 Nxe5 12. dxe5 fxe4 13. Nd2 Ba6 14. Re1 e3 15. fxe3 {½-½ (99) Lye,L (2377)-Aczel,G (2542) Budapest 2019}) 8. Qc2 Nxc3 9. Qxc3 c5 {White is slightly better.} 10. Be3 Be4 $146 (10... Bxf3 $11 11. Bxf3 Nc6 12. Bxc6 dxc6) ({Predecessor:} 10... Nc6 11. Qd2 d6 12. Bh6 Bf6 13. d5 Na5 14. Rac1 Ba6 15. b3 {1-0 (55) Vrhovnik,D (2074)-Vlaic,B (2269) Sibenik 2011}) 11. Qd2 $16 Nc6 12. dxc5 bxc5 13. Bxc5 Rb8 14. Ba3 Qb6 {[%cal Rg7b2]} 15. Rad1 Rb7 16. b3 a5 17. Nh4 Bxg2 18. Nxg2 Qa6 19. Ne3 O-O 20. Nd5 Re8 21. Qg5 (21. Nc3 $18) 21... a4 (21... e6 $16 22. Nf6+ Bxf6 23. Qxf6 a4) 22. Bxe7 $18 Kf7 {[%cal Rc6e7]} 23. Bf6 h6 24. Qh4 Re4 25. f4 {Hoping for Bxg7.} Re6 $2 (25... Nb4 {might work better.}) 26. Bxg7 Kxg7 27. Kh1 $2 ({White should try} 27. g4 $18 Qa8 28. gxf5 gxf5 29. Kh1) 27... axb3 $14 28. axb3 Qa2 $1 29. e4 (29. g4 $14 Qxe2 30. Qh3 (30. gxf5 $2 Qe4+ {[%mdl 64] Double Attack, Zwischenzug} 31. Kg1 gxf5 $19) 30... Qe4+ 31. Kg1) 29... Qxb3 $11 30. exf5 gxf5 31. g4 Qxc4 {Threatens to win with ...Rb2.} 32. Rfe1 Nd4 33. Ne3 (33. Ne7 $1 $11 {remains equal.} Rxe1+ 34. Rxe1) 33... Qc6+ $17 34. Ng2 Rb2 {[%csl Gb2][%cal Rc6g2]} 35. Qg3 {[#] aiming for gxf5+.} Ne2 $40 {[%mdl 128] Black mounts an attack.} ({Black should play} 35... Kh7 $1 $17 {...fxg4 is the strong threat.} 36. Rxe6 dxe6) 36. Qd3 {[#]} (36. Qa3 $11 Rc2 37. gxf5 Nxf4 38. Qg3+ {[%mdl 64] Double Attack} Kh7 39. fxe6 Rxg2 40. Rxd7+ Kh8 41. Rd8+ Kh7 42. Rd7+ Kh8 43. Rd8+ Kh7 44. Rd7+) 36... Qxg2+ $1 {[%mdl 576] Decoy} 37. Kxg2 Nxf4+ {[%mdl 64] Discovered Attack (Double check)} 38. Kg3 $2 {[%mdl 8192]} (38. Kf1 $17 Rxe1+ 39. Kxe1 Nxd3+ 40. Rxd3 fxg4 41. h3) 38... Nxd3 $19 39. Rxe6 f4+ ({Less strong is} 39... dxe6 40. Rxd3 fxg4 41. Kxg4 $19) 40. Kh3 Nf2+ {[%mdl 64] Double Attack. Accuracy: White = 40%, Black = 43%.} 0-1